| 000 | 01135nam a22003257a 4500 | ||
|---|---|---|---|
| 003 | CHAP | ||
| 005 | 20220329143745.0 | ||
| 008 | 110616s1992 us r 00010 spa d | ||
| 010 | _a101501 | ||
| 011 | _a102473 | ||
| 020 | _a0875961827 | ||
| 035 | _a113161 | ||
| 040 | _cCHAP | ||
| 082 | 0 | 4 |
_a610 _bG93 |
| 245 | 0 | 0 |
_aGuía médica de remedios caseros : _bmiles de sugerencias y técnicas que usted puede utilizar para resolver cualquier problema cotidiano de salud _c/por Don Barone ... [et al.] ; editado por Debora Tkac. |
| 260 |
_aEmmaus, Penn. : _bRodale Press, _c1992 |
||
| 300 | _axi, 739 p. | ||
| 590 |
_aBATCH-UPD _b10 _c20130110 _lUCH01 _h1554 |
||
| 590 |
_aBATCH-UPD _b10 _c20130410 _lUCH01 _h0952 |
||
| 590 |
_aBATCH-UPD _b10 _c20130914 _lUCH01 _h0539 |
||
| 590 |
_aCONVERSION _b10 _c20130109 _lUCH01 _h1356 |
||
| 650 | 1 | 4 |
_aMedicina alternativa. _973914 |
| 650 | 1 | 4 |
_aMedicina. _973899 |
| 650 | 1 | 4 |
_aTerapéutica fisiológica. _9112346 |
| 700 | 1 |
_aBarone, Don _910293 |
|
| 700 | 1 |
_aTkac, Debora _eed. _9113454 |
|
| 901 | _aBK | ||
| 942 | _cLIBRO | ||
| 949 |
_a610 G93 _bBC _cLIBRO _d33724002242876 _eLIBRO _h115202 _i113161 _sb |
||
| 999 |
_c101501 _d101501 |
||